000 00551nam a2200181Ia 4500
005 20250603144531.0
008 250603s9999 xx 000 0 und d
020 _a 978-1-032-40583-4
050 _aQH 324.25 .A78/
100 _aEdited by Yashwant V. Pathak, Surovi Saikia, Sarvadaman Pathak, Jayvadan Patel, Bhupendra Gopalbha Prajapati.
245 0 _aArtificial intelligence in bioinformatics and chemoinformatics
260 _aBoca Raton
260 _bCRC Press
260 _c2024
300 _a260 p
650 _aBoca Raton
942 _cBK
999 _c39206
_d39206